Normal view
MARC view
Entry Topical Term
001 - CONTROL NUMBER
- control field: 339
003 - CONTROL NUMBER IDENTIFIER
- control field: BD-DhUIB
005 - DATE AND TIME OF LATEST TRANSACTION
- control field: 20210512120302.0
008 - FIXED-LENGTH DATA ELEMENTS
- fixed length control field: 210512|| aca||aabn | a|a d
040 ## - CATALOGING SOURCE
- Original cataloging agency: BD-DhUIB
- Transcribing agency: BD-DhUIB
150 ## - HEADING--TOPICAL TERM
- Topical term or geographic name entry element: Programming (Mathematics)
670 ## - SOURCE DATA FOUND
- Source citation: Work cat.: (BD-DhUIB)0: Taha, Hamdy A. 337, Operations research :, c1982.
